| 000 | 00864nab a2200253 u 4500 | ||
|---|---|---|---|
| 001 | 15615 | ||
| 003 | HDC | ||
| 007 | cr bn ---aaaaa | ||
| 008 | 210218c20150629my dr|nes 0 a may d | ||
| 040 | _aHDC | ||
| 100 |
_aNor Hanisah Kamaruzaman _eauthor _97674 |
||
| 245 | 0 |
_aLebar sayap ke Timur Tengah / oleh _cNor Hanisah Kamaruzaman |
|
| 260 |
_aKuala Lumpur : _bThe New Straits Times Press (M) Bhd., _c2015 |
||
| 336 |
_atext _2rdacontent |
||
| 337 |
_acomputer _2rdamedia |
||
| 338 |
_aonline resource _2rdacarrier |
||
| 650 |
_abeauty products _98821 |
||
| 650 |
_acosmetics industry _9706 |
||
| 710 | _aHarian Metro | ||
| 856 | _zRequest full-text at [email protected] | ||
| 942 | _2lcc | ||
| 942 | _cNEWS | ||
| 942 | _kNWSC 005827 | ||
| 999 |
_c12931 _d12931 |
||